[Event "San Francisco Bernardo Smith Memorial"]
[Site "San Francisco"]
[Date "2005.08.21"]
[Round "6"]
[White "Triptow, Tim"]
[Black "Wilson, Stephen"]
[Result "0-1"]
[WhiteElo "670"]
[BlackElo "1140"]
[PlyCount "108"]
[EventDate "2005.08.20"]
[EventType "swiss"]
[EventRounds "6"]
[EventCountry "USA"]
[SourceTitle "EXT 2007"]
[Source "ChessBase"]
[SourceDate "2006.11.23"]
[SourceVersion "1"]
[SourceVersionDate "2006.11.23"]
[SourceQuality "1"]

1. e4 e5 2. Nf3 Nc6 3. d3 Bc5 4. d4 exd4 5. g3 Nf6 6. Nbd2 0-0 7. Bg2 d5 8. e5 Nxe5 9. Nxe5 Re8 10. Ndf3 Bg4 11. 0-0 Rxe5 12. h3 Bxf3 13. Bxf3 Ne4 14. Re1 d3 15. Bxe4 dxe4 16. Bf4 Re6 17. cxd3 Qd4 18. Be3 Qd6 19. Qg4 Rae8 20. d4 Bxd4 21. Rad1 c5 22. a3 b6 23. Kg2 Rg6 24. Bf4 Rxg4 25. Bxd6 Rg6 26. Bf4 Bxb2 27. Rd7 Bxa3 28. Red1 Rge6 29. Rd8 c4 30. Bb8 a5 31. R1d7 c3 32. Bf4 c2 33. Bg5 c1Q 34. Bxc1 Bxc1 35. Rd6 Kf8 36. R8d7 a4 37. Rd1 Ba3 38. Ra1 Bc5 39. Rxa4 e3 40. Raa7 R6e7 41. fxe3 Rxd7 42. Rxd7 Bxe3 43. Kf3 g6 44. g4 Bc5 45. Kf4 Kg7 46. Kg5 h6+ 47. Kf4 Re7 48. Rd3 Rb7 49. Ke4 b5 50. Rf3 b4 51. Rb3 Re7+ 52. Kd5 Re3 53. Kc4 Rxb3 54. Kxb3 h5 0-1